Slipknot Albums Tile Select - Statistics

General Stats
  • This quiz has been taken 448 times
  • The average score is 38 of 45
Answer Stats
Question Tile Select % Correct
the following songs that are on Slipknot (1999). Eyeless Yes
97%
the following songs that are on Slipknot (1999). The Shape No
97%
the following songs that are on Slipknot (1999). Spit It Out Yes
96%
the following songs that are on Slipknot (1999). Gently No
95%
the following songs that are on Slipknot (1999). I Am Hated No
95%
the following songs that are on Slipknot (1999). Metabolic No
95%
the following songs that are on Slipknot (1999). Wait and Bleed Yes
95%
the following songs that are on Vol. 3: (The Subliminal Verses) (2004). Vermilion Yes
92%
the following songs that are on All Hope Is Gone (2008). Psychosocial Yes
91%
the following songs that are on Iowa (2001). (Sic) No
91%
the following songs that are on Vol. 3: (The Subliminal Verses) (2004). Skin Ticket No
91%
the following songs that are on Iowa (2001). The Heretic Anthem Yes
91%
the following songs that are on Vol. 3: (The Subliminal Verses) (2004). Before I Forget Yes
90%
the following songs that are on Iowa (2001). Circle No
90%
the following songs that are on Iowa (2001). Danger – Keep Away No
90%
the following songs that are on Iowa (2001). Disasterpiece Yes
90%
the following songs that are on Vol. 3: (The Subliminal Verses) (2004). Gehenna No
90%
the following songs that are on All Hope Is Gone (2008). Sulfur Yes
90%
the following songs that are on Vol. 3: (The Subliminal Verses) (2004). Duality Yes
88%
the following songs that are on Iowa (2001). My Plague Yes
88%
the following songs that are on All Hope Is Gone (2008). Goodbye No
87%
the following songs that are on Iowa (2001). Left Behind Yes
87%
the following songs that are on We Are Not Your Kind (2019). Nero Forte Yes
87%
the following songs that are on Iowa (2001). Only One No
87%
the following songs that are on All Hope Is Gone (2008). Pulse of the Maggots No
87%
the following songs that are on All Hope Is Gone (2008). Sarcastrophe No
87%
the following songs that are on Vol. 3: (The Subliminal Verses) (2004). Wherein Lies Continue No
87%
the following songs that are on All Hope Is Gone (2008). Dead Memories Yes
86%
the following songs that are on Vol. 3: (The Subliminal Verses) (2004). Everything Ends No
86%
the following songs that are on All Hope Is Gone (2008). The Blister Exists No
86%
the following songs that are on We Are Not Your Kind (2019). Custer No
85%
the following songs that are on We Are Not Your Kind (2019). The Devil in I No
83%
the following songs that are on We Are Not Your Kind (2019). Yen No
81%
the following songs that are on All Hope Is Gone (2008). Gematria (The Killing Name) Yes
80%
the following songs that are on Slipknot (1999). Purity Yes
80%
the following songs that are on We Are Not Your Kind (2019). Birth of the Cruel Yes
78%
the following songs that are on Vol. 3: (The Subliminal Verses) (2004). Opium of the People Yes
74%
the following songs that are on We Are Not Your Kind (2019). The Negative One No
72%
the following songs that are on We Are Not Your Kind (2019). Heirloom No
70%
the following songs that are on We Are Not Your Kind (2019). Orphan Yes
70%
the following songs that are on We Are Not Your Kind (2019). Skeptic No
70%
the following songs that are on Slipknot (1999). Diluted Yes
69%
the following songs that are on Vol. 3: (The Subliminal Verses) (2004). The Nameless Yes
69%
the following songs that are on Iowa (2001). The Shape Yes
65%
the following songs that are on All Hope Is Gone (2008). This Cold Black Yes
54%
No matching quizzes found
Score Distribution
Percent of People with Each Score
Percentile by Number Answered
Your Score History
You have not taken this quiz